[Event "Czech Open GM 2019"]
[Site "Pardubice"]
[Date "2019.07.25"]
[Round "7.21"]
[White "Stepan, Patrik"]
[Black "Jablonicky, Martin"]
[Result "0-1"]
[WhiteElo "2221"]
[BlackElo "2378"]
[Annotator "NA"]
[PlyCount "90"]
[EventDate "2019.07.19"]
[EventType "swiss"]
[EventCountry "CZE"]
[SourceTitle "playchess.com"]
[Source "ChessBase"]
[SourceQuality "1"]

1. d4 Nf6 2. c4 e6 3. Nf3 c5 4. d5 exd5 5. cxd5 d6 6. Nc3 g6 7. Nd2 Nbd7 8. e4 Bg7 9. Be2 O-O 10. O-O Re8 11. Re1 Ne5 12. h3 g5 13. Nf1 g4 14. f4 gxf3 15. Bxf3 a6 16. a4 Bd7 17. a5 b5 18. axb6 Qxb6 19. Ra2 Reb8 20. Be2 Qb4 21. Qc2 a5 22. Bf4 Ne8 23. g4 a4 24. Rea1 Ng6 25. Bd2 Qd4+ 26. Be3 Qf6 27. Qd2 Nh4 28. Nh2 Rb3 29. Bf2 Ng6 30. Bd1 Rb4 31. Bxa4 Bxa4 32. Rxa4 Raxa4 33. Rxa4 Nf4 34. Ra8 Kf8 35. Bg3 Nxh3+ 36. Kg2 Bh6 37. Qe2 Nf4+ 38. Bxf4 Bxf4 39. Nf1 Qe5 40. Qc2 Kg7 41. Nd2 Qg5 42. Rxe8 Qxg4+ 43. Kf1 Qh3+ 44. Ke2 Qg2+ 45. Kd1 Rd4 0-1

[Event "Czech Open GM 2019"]
[Site "Pardubice"]
[Date "2019.07.25"]
[Round "7.22"]
[White "Saduakassova, Dinara"]
[Black "Rudolf, Michal"]
[Result "1-0"]
[WhiteElo "2474"]
[BlackElo "2351"]
[Annotator "ChessBase"]
[PlyCount "77"]
[EventDate "2019.07.19"]
[EventType "swiss"]
[EventCountry "CZE"]
[SourceTitle "playchess.com"]
[Source "ChessBase"]
[SourceQuality "1"]

1. Nf3 d5 2. g3 c6 3. Bg2 Bg4 4. O-O Nd7 5. d3 Ngf6 6. Nbd2 e6 7. h3 Bxf3 8. Nxf3 Bc5 9. Qe1 Qc7 10. Kh1 O-O 11. e4 Rfd8 12. Qe2 Be7 13. e5 Ne8 14. Bd2 Qb6 15. Rab1 a5 16. h4 c5 17. h5 Rdc8 18. c4 h6 19. cxd5 exd5 20. Bh3 Nf8 21. Bxc8 Rxc8 22. Nh2 Ne6 23. f4 c4 24. dxc4 Rxc4 25. Be3 Qc6 26. Qf3 N8c7 27. Rbc1 Rc2 28. Rxc2 Qxc2 29. Rc1 Qxb2 30. f5 Nd4 31. Qf2 Qxf2 32. Bxf2 Nc6 33. Nf3 Nb5 34. Bc5 Bd8 35. Rb1 Nc3 36. Rxb7 Nxa2 37. Nd4 Nxd4 38. Bxd4 Nb4 39. e6 1-0

[Event "Czech Open GM 2019"]
[Site "Pardubice"]
[Date "2019.07.25"]
[Round "7.22"]
[White "Rubes, Jan"]
[Black "Gombocz, Ferenc Jr."]
[Result "1/2-1/2"]
[WhiteElo "2369"]
[BlackElo "2210"]
[Annotator "NA"]
[PlyCount "65"]
[EventDate "2019.07.19"]
[EventType "swiss"]
[EventCountry "CZE"]
[SourceTitle "playchess.com"]
[Source "ChessBase"]
[SourceQuality "1"]

1. e4 e5 2. Nf3 Nc6 3. Bc4 Nf6 4. d3 Be7 5. O-O O-O 6. Nbd2 d6 7. a4 Na5 8. Ba2 c5 9. c3 Nc6 10. Re1 h6 11. Nf1 Re8 12. Ng3 Bf8 13. h3 Be6 14. Bxe6 Rxe6 15. c4 g6 16. Be3 Kh7 17. Nh2 Re8 18. Ng4 Bg7 19. Bd2 a5 20. Ne3 Nd4 21. Ne2 Nxe2+ 22. Qxe2 b6 23. Rf1 Rf8 24. Ra3 Rb8 25. Rb3 Ng8 26. Nd5 Ne7 27. Nxe7 Qxe7 28. Ra1 f5 29. Rb5 f4 30. f3 h5 31. Ra3 h4 32. Rab3 Qa7 33. Be1 1/2-1/2

[Event "Czech Open GM 2019"]
[Site "Pardubice"]
[Date "2019.07.25"]
[Round "7.23"]
[White "De Rover, Yong Hoon"]
[Black "Milikow, Yoav"]
[Result "0-1"]
[WhiteElo "2391"]
[BlackElo "2186"]
[Annotator "NA"]
[PlyCount "82"]
[EventDate "2019.07.19"]
[EventType "swiss"]
[EventCountry "CZE"]
[SourceTitle "playchess.com"]
[Source "ChessBase"]
[SourceQuality "1"]

1. e4 e6 2. d4 d5 3. Nc3 Bb4 4. e5 c5 5. a3 Bxc3+ 6. bxc3 Qa5 7. Bd2 Qa4 8. Qb1 c4 9. h4 Nc6 10. h5 Bd7 11. g3 O-O-O 12. Nf3 f6 13. Be2 Rf8 14. Qc1 Be8 15. Kf1 h6 16. Bf4 g5 17. hxg6 Bxg6 18. Bd1 Be4 19. Rh5 Qa5 20. Qe3 Nge7 21. exf6 Rxf6 22. Ne5 Nf5 23. Qe1 Ng7 24. Nxc6 bxc6 25. Rh2 h5 26. Be5 Rf7 27. Rb1 Rh7 28. f3 Ne8 29. Kg1 Bg6 30. Bf4 Nc7 31. Bd6 Bf5 32. Rh4 Nb5 33. Bb4 Qb6 34. Qf2 Nxc3 35. Ra1 Nxd1 36. Rxd1 Bg4 37. Rxg4 hxg4 38. f4 Qd8 39. Qe2 Qf6 40. Qxg4 Rhg7 41. Qh3 Rxg3+ 0-1

[Event "Czech Open GM 2019"]
[Site "Pardubice"]
[Date "2019.07.25"]
[Round "7.23"]
[White "Mullick, Raahil"]
[Black "Sylvan, Jacob"]
[Result "1/2-1/2"]
[WhiteElo "2211"]
[BlackElo "2326"]
[Annotator "NA"]
[PlyCount "68"]
[EventDate "2019.07.19"]
[EventType "swiss"]
[EventCountry "CZE"]
[SourceTitle "playchess.com"]
[Source "ChessBase"]
[SourceQuality "1"]

1. e4 c5 2. Nf3 e6 3. d4 cxd4 4. Nxd4 Nc6 5. Nc3 Qc7 6. Be3 a6 7. Qd2 Nf6 8. O-O-O Be7 9. f3 b5 10. g4 Nxd4 11. Bxd4 b4 12. Na4 Rb8 13. Kb1 e5 14. Be3 d6 15. Qf2 Nd7 16. b3 O-O 17. Bc4 Nc5 18. Nxc5 dxc5 19. f4 Be6 20. Be2 c4 21. f5 cxb3 22. axb3 Bd7 23. g5 Rfc8 24. Bc4 Bb5 25. Bd5 Bc6 26. g6 Bxd5 27. Rxd5 fxg6 28. fxg6 hxg6 29. Rhd1 Rd8 30. Qd2 Rbc8 31. h4 a5 32. Bg5 Rxd5 33. exd5 Bd6 34. Qd3 Qc3 1/2-1/2

[Event "Czech Open GM 2019"]
[Site "Pardubice"]
[Date "2019.07.25"]
[Round "7.24"]
[White "Van Dael, Siem"]
[Black "Murko, David"]
[Result "1-0"]
[WhiteElo "2319"]
[BlackElo "2192"]
[Annotator "NA"]
[PlyCount "95"]
[EventDate "2019.07.19"]
[EventType "swiss"]
[EventCountry "CZE"]
[SourceTitle "playchess.com"]
[Source "ChessBase"]
[SourceQuality "1"]

1. e4 c5 2. Nf3 d6 3. d4 cxd4 4. Nxd4 Nf6 5. Nc3 g6 6. Be3 Bg7 7. f3 O-O 8. Qd2 Nc6 9. O-O-O d5 10. Qe1 e5 11. Nxc6 bxc6 12. exd5 Nxd5 13. Bc4 Be6 14. Kb1 Qd7 15. Ne4 Qc7 16. Bc5 h6 17. Bxf8 Rxf8 18. Nc5 Bf5 19. g4 Bc8 20. h4 Qb6 21. Na4 Qb7 22. h5 g5 23. Qe4 Nf6 24. Qxe5 Nxg4 25. Qe2 Ne5 26. Bb3 Qe7 27. Rdf1 Qf6 28. Nc3 c5 29. Nd5 Qd6 30. Rd1 Kh8 31. f4 gxf4 32. Nxf4 Qb8 33. Rhg1 c4 34. Rxg7 Kxg7 35. Bxc4 Bg4 36. Rg1 f5 37. Ne6+ Kf6 38. Qf1 Rc8 39. Bb3 Nf3 40. Rg2 Qb4 41. a3 Nd2+ 42. Rxd2 Qxd2 43. Qa6 Rb8 44. Nc5+ Kg5 45. Qxa7 Re8 46. Ka2 Re1 47. Nd3 Rf1 48. Qe7+ 1-0

[Event "Czech Open GM 2019"]
[Site "Pardubice"]
[Date "2019.07.25"]
[Round "7.24"]
[White "Mladek, Richard"]
[Black "Martin, Julian"]
[Result "1-0"]
[WhiteElo "2253"]
[BlackElo "2363"]
[Annotator "NA"]
[PlyCount "53"]
[EventDate "2019.07.19"]
[EventType "swiss"]
[EventCountry "CZE"]
[SourceTitle "playchess.com"]
[Source "ChessBase"]
[SourceQuality "1"]

1. e4 c5 2. Nf3 Nf6 3. e5 Nd5 4. Nc3 e6 5. Nxd5 exd5 6. d4 Nc6 7. dxc5 Bxc5 8. Qxd5 Qb6 9. Bc4 Bxf2+ 10. Ke2 O-O 11. Rf1 Bc5 12. Ng5 Nd4+ 13. Kd1 Ne6 14. Ne4 d6 15. exd6 Bd7 16. Nxc5 Nxc5 17. Be3 Bg4+ 18. Kd2 Rac8 19. Bd4 Qb4+ 20. Bc3 Ne4+ 21. Qxe4 Qxc4 22. Qxc4 Rxc4 23. Rae1 Be6 24. Rf3 Rfc8 25. Rg3 g6 26. Rd3 R4c6 27. Rxe6 1-0

[Event "Czech Open GM 2019"]
[Site "Pardubice"]
[Date "2019.07.25"]
[Round "7.25"]
[White "Parizek, Vojtech"]
[Black "Goriatchkin, Jouri"]
[Result "0-1"]
[WhiteElo "2199"]
[BlackElo "2316"]
[Annotator "NA"]
[PlyCount "106"]
[EventDate "2019.07.19"]
[EventType "swiss"]
[EventCountry "CZE"]
[SourceTitle "playchess.com"]
[Source "ChessBase"]
[SourceQuality "1"]

1. e4 e6 2. d4 d5 3. Nc3 Nf6 4. e5 Nfd7 5. f4 c5 6. Nf3 Nc6 7. Be3 a6 8. Qd2 b5 9. a3 Qb6 10. Nd1 a5 11. Be2 Ba6 12. O-O Be7 13. c3 b4 14. g4 Bxe2 15. Qxe2 bxc3 16. bxc3 h5 17. Nf2 hxg4 18. Nxg4 Qa6 19. Qc2 g6 20. c4 dxc4 21. dxc5 Bxc5 22. Rfc1 Bxe3+ 23. Nxe3 Qa7 24. Qf2 Nb6 25. Nxc4 Nxc4 26. Rxc4 Qxf2+ 27. Kxf2 Ne7 28. Rb1 Nd5 29. Rb7 O-O 30. Ng5 Rab8 31. Rxb8 Rxb8 32. a4 Rb2+ 33. Kg3 Rb3+ 34. Kf2 Kg7 35. Rc5 Nxf4 36. Rxa5 Nh3+ 37. Nxh3 Rxh3 38. Kg2 Rh4 39. Kg3 g5 40. Ra7 Re4 41. a5 Rxe5 42. h4 gxh4+ 43. Kxh4 Kg6 44. a6 Re4+ 45. Kg3 Ra4 46. Kf3 e5 47. Ke3 f5 48. Ra8 Ra3+ 49. Ke2 Kg5 50. a7 Kf4 51. Kd1 Ra2 52. Kc1 Ke4 53. Kd1 f4 0-1

[Event "Czech Open GM 2019"]
[Site "Pardubice"]
[Date "2019.07.25"]
[Round "7.25"]
[White "Dushyant, Sharma"]
[Black "Iliaguev, Nisim"]
[Result "1/2-1/2"]
[WhiteElo "2168"]
[BlackElo "2357"]
[Annotator "NA"]
[PlyCount "51"]
[EventDate "2019.07.19"]
[EventType "swiss"]
[EventCountry "CZE"]
[SourceTitle "playchess.com"]
[Source "ChessBase"]
[SourceQuality "1"]

1. e4 e6 2. d4 d5 3. exd5 exd5 4. Bd3 Nf6 5. Nf3 Bd6 6. O-O O-O 7. c3 Bg4 8. Bg5 Nbd7 9. Nbd2 c6 10. Qc2 Qc7 11. Rae1 Rfe8 12. h3 Bh5 13. Bf5 Bg6 14. Qd3 Bf4 15. Bh4 Qb6 16. b3 Qa5 17. Bxg6 hxg6 18. a4 c5 19. Bg5 Qc7 20. c4 Bxg5 21. Nxg5 Qf4 22. Ngf3 cxd4 23. Qxd4 Qxd4 24. Nxd4 Nc5 25. cxd5 Nxd5 26. N2f3 1/2-1/2

[Event "Czech Open GM 2019"]
[Site "Pardubice"]
[Date "2019.07.25"]
[Round "7.26"]
[White "Belyakov, Bogdan"]
[Black "Gagare, Shalmali"]
[Result "1/2-1/2"]
[WhiteElo "2500"]
[BlackElo "2058"]
[Annotator "ChessBase"]
[PlyCount "39"]
[EventDate "2019.07.19"]
[EventType "swiss"]
[EventCountry "CZE"]
[SourceTitle "playchess.com"]
[Source "ChessBase"]
[SourceQuality "1"]

1. e4 e5 2. Nf3 Nc6 3. Bc4 Bc5 4. b4 Bxb4 5. c3 Ba5 6. d4 d6 7. Qb3 Qd7 8. dxe5 Bb6 9. Nbd2 Na5 10. Qc2 Ne7 11. Bxf7+ Kxf7 12. e6+ Kxe6 13. Ng5+ Kf6 14. e5+ dxe5 15. Nde4+ Kg6 16. Nf3 Qd5 17. c4 Nxc4 18. Nd6+ Bf5 19. Nxf5 Nxf5 20. Nh4+ 1/2-1/2

[Event "Czech Open GM 2019"]
[Site "Pardubice"]
[Date "2019.07.25"]
[Round "7.26"]
[White "Debevec, Blaz"]
[Black "Zetocha, Claudiu"]
[Result "1/2-1/2"]
[WhiteElo "2195"]
[BlackElo "2316"]
[Annotator "NA"]
[PlyCount "35"]
[EventDate "2019.07.19"]
[EventType "swiss"]
[EventCountry "CZE"]
[SourceTitle "playchess.com"]
[Source "ChessBase"]
[SourceQuality "1"]

1. e4 c5 2. Nf3 e6 3. d4 cxd4 4. Nxd4 a6 5. c4 Nf6 6. Nc3 d6 7. Be2 Be7 8. Be3 O-O 9. O-O Qc7 10. f3 b6 11. Rc1 Bb7 12. a3 Nbd7 13. b4 Rac8 14. Qd2 Qb8 15. Rfd1 Rfe8 16. Kh1 Bf8 17. Bf1 Qa8 18. Qf2 1/2-1/2

[Event "Czech Open GM 2019"]
[Site "Pardubice"]
[Date "2019.07.25"]
[Round "7.27"]
[White "Najdin, Danil"]
[Black "Simacek, Pavel"]
[Result "0-1"]
[WhiteElo "2314"]
[BlackElo "2490"]
[Annotator "ChessBase"]
[PlyCount "88"]
[EventDate "2019.07.19"]
[EventType "swiss"]
[EventCountry "CZE"]
[SourceTitle "playchess.com"]
[Source "ChessBase"]
[SourceQuality "1"]

1. d4 Nf6 2. c4 c5 3. d5 e6 4. Nc3 exd5 5. cxd5 d6 6. e4 g6 7. h3 Bg7 8. Nf3 O-O 9. Bd3 Na6 10. O-O Nc7 11. Re1 a6 12. a4 Rb8 13. a5 b5 14. axb6 Rxb6 15. Nd2 Nb5 16. Nc4 Rb8 17. Bg5 h6 18. Bh4 Nd4 19. f4 Qd7 20. e5 dxe5 21. Bxf6 Bxf6 22. fxe5 Bg7 23. d6 Bb7 24. Nb6 Qe6 25. Bc4 Qf5 26. Nbd5 Kh8 27. Bd3 Qg5 28. Qg4 Qxg4 29. hxg4 Bc8 30. Ne7 Bxg4 31. Rxa6 Rxb2 32. Na4 Rd2 33. Nxc5 Ne2+ 34. Bxe2 Bxe2 35. Nc6 Bxa6 36. Nxa6 Re8 37. Nc5 Rxd6 38. exd6 Rxe1+ 39. Kf2 Rd1 40. d7 Bf6 41. Na5 Be7 42. Ke2 Rd5 43. Nab7 h5 44. Kf3 f5 0-1

[Event "Czech Open GM 2019"]
[Site "Pardubice"]
[Date "2019.07.25"]
[Round "7.27"]
[White "Thakur, Akash"]
[Black "Smirnova, Ekaterina"]
[Result "1/2-1/2"]
[WhiteElo "2311"]
[BlackElo "2184"]
[Annotator "TA"]
[PlyCount "75"]
[EventDate "2019.07.19"]
[EventType "swiss"]
[EventCountry "CZE"]
[SourceTitle "playchess.com"]
[Source "ChessBase"]
[SourceQuality "1"]

1. d4 d5 2. Bf4 c5 3. e3 Nc6 4. c3 e6 5. Nd2 Nf6 6. Ngf3 Bd6 7. Bg3 O-O 8. Bb5 a6 9. Bxc6 bxc6 10. Qa4 Bxg3 11. hxg3 Qb6 12. Qa3 Rb8 13. b3 Nd7 14. Rc1 a5 15. O-O Ba6 16. Rfe1 Rfc8 17. Ne5 Nxe5 18. dxe5 Bd3 19. c4 Qb4 20. Qb2 Bxc4 21. Qc3 Bb5 22. Red1 d4 23. Qxc5 Qxc5 24. Rxc5 dxe3 25. fxe3 Rd8 26. Kf2 a4 27. Rcc1 Rd5 28. Nf3 Rbd8 29. Rxd5 Rxd5 30. b4 Rd3 31. Nd4 h6 32. Kf3 Rd2 33. Rc2 Rxc2 34. Nxc2 Kf8 35. Nd4 Ke7 36. a3 Kd7 37. Nxb5 cxb5 38. g4 1/2-1/2

[Event "Czech Open GM 2019"]
[Site "Pardubice"]
[Date "2019.07.25"]
[Round "7.28"]
[White "Dowgird, Filip"]
[Black "Barski, Radoslaw"]
[Result "1-0"]
[WhiteElo "2298"]
[BlackElo "2468"]
[Annotator "TA"]
[PlyCount "109"]
[EventDate "2019.07.19"]
[EventType "swiss"]
[EventCountry "CZE"]
[SourceTitle "playchess.com"]
[Source "ChessBase"]
[SourceQuality "1"]

1. d4 d5 2. Bf4 Nf6 3. e3 c5 4. c3 Nc6 5. Nd2 e6 6. Ngf3 Be7 7. Bd3 Nh5 8. Bg3 g6 9. Qe2 O-O 10. dxc5 Nxg3 11. hxg3 e5 12. e4 d4 13. Nb3 a5 14. a4 Be6 15. Nfd2 dxc3 16. bxc3 Qc7 17. Qe3 h5 18. Bc4 Nd8 19. Bd5 Rc8 20. c4 Bd7 21. f4 exf4 22. gxf4 Ne6 23. f5 Bg5 24. Qc3 Kh7 25. g4 h4 26. e5 Nf4 27. Nf3 f6 28. Nxh4 Kg7 29. Nf3 Rce8 30. Kd1 Rxe5 31. Nxe5 fxe5 32. Qxa5 Qc8 33. Ra2 Bc6 34. Rah2 Nxd5 35. Rh7+ Kf6 36. cxd5 Bxd5 37. Qb6+ Qc6 38. R1h3 Qxb6 39. cxb6 gxf5 40. gxf5 Rd8 41. Ke1 e4 42. Nc5 Rc8 43. Rc7 Rg8 44. Ne6 Kxf5 45. Nxg5 Rxg5 46. Kf2 Kf4 47. Re7 Rf5 48. Rh8 Bc6 49. Ke2 Kg5 50. Ra8 Rc5 51. a5 Bb5+ 52. Ke3 Ba6 53. Rxa6 bxa6 54. b7 Rb5 55. Re5+ 1-0

[Event "Czech Open GM 2019"]
[Site "Pardubice"]
[Date "2019.07.25"]
[Round "7.28"]
[White "Kumala, Aleksander"]
[Black "Nun, Jiri"]
[Result "1-0"]
[WhiteElo "2184"]
[BlackElo "2310"]
[Annotator "TA"]
[PlyCount "87"]
[EventDate "2019.07.19"]
[EventType "swiss"]
[EventCountry "CZE"]
[SourceTitle "playchess.com"]
[Source "ChessBase"]
[SourceQuality "1"]

1. d4 Nf6 2. Bg5 c5 3. d5 g6 4. Nc3 d6 5. e4 Bg7 6. Bb5+ Nfd7 7. a4 Na6 8. Nf3 Nc7 9. Be2 b6 10. Nd2 Rb8 11. Nc4 f6 12. Be3 Ba6 13. h4 Bxc4 14. Bxc4 Ne5 15. Be2 Nf7 16. h5 a6 17. hxg6 hxg6 18. Rxh8+ Nxh8 19. Bg4 Kf8 20. Qf3 Qe8 21. Qh3 Qf7 22. Be6 Qe8 23. O-O-O Nxe6 24. dxe6 g5 25. f4 gxf4 26. Bxf4 Qg6 27. Rxd6 exd6 28. Bxd6+ Ke8 29. Bxb8 Qh6+ 30. Qxh6 Bxh6+ 31. Kd1 Ke7 32. Nd5+ Kxe6 33. Nxb6 Ng6 34. Nd5 Nf8 35. Nc7+ Kd7 36. Nxa6 Ne6 37. Bg3 Kc8 38. Bd6 Be3 39. b4 cxb4 40. Nxb4 Ng5 41. e5 Nf7 42. Ke2 Bg1 43. Nd3 Bd4 44. Bc5 1-0

[Event "Czech Open GM 2019"]
[Site "Pardubice"]
[Date "2019.07.25"]
[Round "7.29"]
[White "Vyskocil, Neklan"]
[Black "Teclaf, Pawel"]
[Result "1/2-1/2"]
[WhiteElo "2304"]
[BlackElo "2454"]
[Annotator "ChessBase"]
[PlyCount "82"]
[EventDate "2019.07.19"]
[EventType "swiss"]
[EventCountry "CZE"]
[SourceTitle "playchess.com"]
[Source "ChessBase"]
[SourceQuality "1"]

1. Nf3 c5 2. g3 b6 3. Bg2 Bb7 4. O-O Nf6 5. c4 e6 6. b3 Be7 7. Bb2 O-O 8. Nc3 d6 9. d4 cxd4 10. Qxd4 a6 11. Rfd1 Nbd7 12. Rac1 Qc7 13. Ne1 Bxg2 14. Nxg2 Qb7 15. Ne3 b5 16. Ng4 bxc4 17. Qxc4 d5 18. Qd4 Rac8 19. Na4 h5 20. Nxf6+ Nxf6 21. Qe5 Qb4 22. Qg5 Rfd8 23. Rxc8 Rxc8 24. Rc1 Rxc1+ 25. Qxc1 h4 26. Qc8+ Kh7 27. Qc3 Qb5 28. Qd3+ Kg8 29. Kg2 Qc6 30. f3 Ne8 31. Qc3 Qb5 32. Qd3 Qc6 33. Qc3 Qb7 34. Qd3 Bd6 35. Bd4 Qc6 36. Qc3 Qb5 37. Qd3 e5 38. Bc5 Qc6 39. Qc3 d4 40. Qc4 Bb8 41. Bb4 Qxc4 1/2-1/2

[Event "Czech Open GM 2019"]
[Site "Pardubice"]
[Date "2019.07.25"]
[Round "7.29"]
[White "Frolov, Aleksey G."]
[Black "Stevanic, David"]
[Result "1/2-1/2"]
[WhiteElo "2174"]
[BlackElo "2306"]
[Annotator "NA"]
[PlyCount "139"]
[EventDate "2019.07.19"]
[EventType "swiss"]
[EventCountry "CZE"]
[SourceTitle "playchess.com"]
[Source "ChessBase"]
[SourceQuality "1"]

1. e4 e5 2. Nf3 Nc6 3. Bb5 a6 4. Ba4 Nf6 5. O-O Be7 6. d3 b5 7. Bb3 O-O 8. a4 b4 9. a5 d6 10. Nbd2 Bg4 11. h3 Bh5 12. c3 Rb8 13. Bc4 Qc8 14. Re1 Bg6 15. Nf1 Kh8 16. Ng3 Nh5 17. Nf5 Bxf5 18. exf5 Qxf5 19. Qa4 Nd8 20. Bxa6 g5 21. Bb5 g4 22. hxg4 Qxg4 23. Nh2 Qg6 24. Bc6 Nxc6 25. Qxc6 Qxd3 26. a6 bxc3 27. bxc3 f5 28. a7 Ra8 29. Qxc7 Bf6 30. Bh6 Rg8 31. Qf7 Bh4 32. Qxh5 Bxf2+ 33. Kxf2 Qg3+ 34. Ke2 Qxg2+ 35. Kd1 Qb2 36. Rc1 Qb3+ 37. Rc2 Rxa7 38. Qxf5 Qd5+ 39. Rd2 Ra1+ 40. Ke2 Rxe1+ 41. Kxe1 Qh1+ 42. Qf1 Qe4+ 43. Qe2 Qh4+ 44. Kd1 Qxh6 45. Qd3 Ra8 46. Nf1 Ra1+ 47. Ke2 Qh5+ 48. Kf2 Ra7 49. Ng3 Qh2+ 50. Ke1 Qg1+ 51. Nf1 Rf7 52. Qh3 e4 53. Rxd6 Qf2+ 54. Kd1 Qxf1+ 55. Qxf1 Rxf1+ 56. Ke2 Rf3 57. c4 Rc3 58. Rd4 e3 59. Rd7 Rxc4 60. Kxe3 Rg4 61. Kf3 Rg6 62. Kf2 h6 63. Kf3 Rg5 64. Kf4 Kg8 65. Ra7 Rg1 66. Kf3 h5 67. Ra5 h4 68. Rh5 Rg3+ 69. Kf4 Ra3 70. Rxh4 1/2-1/2

[Event "Czech Open GM 2019"]
[Site "Pardubice"]
[Date "2019.07.25"]
[Round "7.30"]
[White "Pesotskiy, Mikhail"]
[Black "Voinikonis, Nikita"]
[Result "0-1"]
[WhiteElo "2301"]
[BlackElo "2137"]
[Annotator "NA"]
[PlyCount "62"]
[EventDate "2019.07.19"]
[EventType "swiss"]
[EventCountry "CZE"]
[SourceTitle "playchess.com"]
[Source "ChessBase"]
[SourceQuality "1"]

1. Nf3 d5 2. g3 c5 3. Bg2 Nc6 4. O-O e5 5. c4 d4 6. d3 Bd6 7. e3 Nf6 8. exd4 cxd4 9. Bg5 h6 10. Bxf6 Qxf6 11. Nbd2 Qe7 12. a3 a5 13. Re1 O-O 14. Rc1 Bf5 15. c5 Bc7 16. Nc4 Rfe8 17. Nfxe5 Nxe5 18. Nxe5 Bxe5 19. f4 Qc7 20. fxe5 Rxe5 21. Rxe5 Qxe5 22. Bxb7 Qe3+ 23. Kh1 Re8 24. Bg2 Bxd3 25. c6 Be2 26. Qg1 Qxg1+ 27. Kxg1 d3 28. c7 Rc8 29. Bh3 d2 30. Rd1 Bxd1 31. Bxc8 Bf3 0-1

[Event "Czech Open GM 2019"]
[Site "Pardubice"]
[Date "2019.07.25"]
[Round "7.30"]
[White "Myshakov, Fyodor"]
[Black "Ostrovskiy, Aleksandr"]
[Result "0-1"]
[WhiteElo "2295"]
[BlackElo "2453"]
[Annotator "ChessBase"]
[PlyCount "80"]
[EventDate "2019.07.19"]
[EventType "swiss"]
[EventCountry "CZE"]
[SourceTitle "playchess.com"]
[Source "ChessBase"]
[SourceQuality "1"]

1. c4 e5 2. Nc3 Nf6 3. Nf3 Nc6 4. g3 Bb4 5. Nd5 e4 6. Nxb4 Nxb4 7. Nd4 O-O 8. Nc2 a5 9. Nxb4 axb4 10. Bg2 d5 11. Qb3 dxc4 12. Qxb4 Qd4 13. Qc3 c5 14. O-O Bf5 15. a3 Rfe8 16. Qxd4 cxd4 17. b3 cxb3 18. Rb1 Be6 19. Bb2 Red8 20. d3 exd3 21. exd3 Nd5 22. Rfc1 Nc3 23. Bxc3 dxc3 24. Rxc3 Rxa3 25. Bxb7 Rb8 26. Bf3 Ra5 27. d4 b2 28. Be4 Ra1 29. Kg2 f5 30. Bd3 Ba2 31. Rf1 Bd5+ 32. f3 Rxf1 33. Kxf1 b1=Q+ 34. Bxb1 Rxb1+ 35. Kf2 Kf7 36. h4 Kf6 37. Rc5 Rb2+ 38. Ke3 Rb3+ 39. Ke2 Bxf3+ 40. Kf2 Be4 0-1

[Event "Czech Open GM 2019"]
[Site "Pardubice"]
[Date "2019.07.25"]
[Round "7.31"]
[White "Novik, Maxim"]
[Black "Kushko, Dmitry"]
[Result "1-0"]
[WhiteElo "2450"]
[BlackElo "2281"]
[Annotator "ChessBase"]
[PlyCount "57"]
[EventDate "2019.07.19"]
[EventType "swiss"]
[EventCountry "CZE"]
[SourceTitle "playchess.com"]
[Source "ChessBase"]
[SourceQuality "1"]

1. d4 Nf6 2. Bg5 Ne4 3. Bh4 c5 4. f3 g5 5. fxe4 gxh4 6. e3 Bh6 7. Kf2 cxd4 8. exd4 d6 9. Qh5 Bg7 10. Nf3 Qb6 11. Qb5+ Qxb5 12. Bxb5+ Nc6 13. c3 O-O 14. Nbd2 h3 15. gxh3 Kh8 16. Rhg1 a6 17. Bd3 Bxh3 18. Ke2 Bh6 19. Ng5 Bd7 20. Bc4 Bxg5 21. Rxg5 h6 22. Rg3 e5 23. Rf1 f5 24. Rg6 Be8 25. Rxh6+ Kg7 26. Rxd6 exd4 27. cxd4 fxe4 28. Rg1+ Kh7 29. Nxe4 1-0

[Event "Czech Open GM 2019"]
[Site "Pardubice"]
[Date "2019.07.25"]
[Round "7.31"]
[White "Niedbala, Bartlomiej"]
[Black "Ratsma, Midas"]
[Result "1/2-1/2"]
[WhiteElo "2152"]
[BlackElo "2295"]
[Annotator "NA"]
[PlyCount "34"]
[EventDate "2019.07.19"]
[EventType "swiss"]
[EventCountry "CZE"]
[SourceTitle "playchess.com"]
[Source "ChessBase"]
[SourceQuality "1"]

1. d4 d5 2. c4 e6 3. Nf3 c6 4. Qc2 Nf6 5. g3 Be7 6. Bg2 b5 7. c5 Nbd7 8. O-O Ne4 9. Nbd2 f5 10. Ne1 O-O 11. Ndf3 Bf6 12. Nd3 Qe7 13. Bf4 a5 14. h4 h6 15. Nfe5 Bxe5 16. Nxe5 Nxe5 17. Bxe5 Rf7 1/2-1/2

[Event "Czech Open GM 2019"]
[Site "Pardubice"]
[Date "2019.07.25"]
[Round "7.32"]
[White "Godzwon, Iwo"]
[Black "Martynyuk, Elizaveta"]
[Result "1-0"]
[WhiteElo "2285"]
[BlackElo "2125"]
[Annotator "NA"]
[PlyCount "79"]
[EventDate "2019.07.19"]
[EventType "swiss"]
[EventCountry "CZE"]
[SourceTitle "playchess.com"]
[Source "ChessBase"]
[SourceQuality "1"]

1. e4 c5 2. Nf3 Nc6 3. d4 cxd4 4. Nxd4 g6 5. c4 Nf6 6. Nc3 Nxd4 7. Qxd4 d6 8. Be3 Bg7 9. Be2 O-O 10. Qd2 a5 11. O-O a4 12. Rad1 Qa5 13. Bd4 Be6 14. f4 Rfc8 15. b3 axb3 16. axb3 Qb4 17. f5 Bd7 18. Bxf6 Bxf6 19. Nd5 Qxd2 20. Nxf6+ exf6 21. Rxd2 Bc6 22. fxg6 hxg6 23. Rxf6 Ra1+ 24. Kf2 Bxe4 25. Rfxd6 Rc5 26. Rb6 Rh1 27. Bf3 Rf5 28. Ke3 Bxf3 29. gxf3 Re1+ 30. Kf2 Re7 31. Rd4 Kg7 32. b4 Rfe5 33. c5 Re2+ 34. Kg3 Rc2 35. h4 Kh6 36. Rd5 Kg7 37. h5 gxh5 38. Rg5+ Kf8 39. Rxh5 Ke8 40. Rh8+ 1-0

[Event "Czech Open GM 2019"]
[Site "Pardubice"]
[Date "2019.07.25"]
[Round "7.33"]
[White "Lalic, Bogdan"]
[Black "Kenneskog, Theodor"]
[Result "1/2-1/2"]
[WhiteElo "2411"]
[BlackElo "2284"]
[Annotator "NA"]
[PlyCount "25"]
[EventDate "2019.07.19"]
[EventType "swiss"]
[EventCountry "CZE"]
[SourceTitle "playchess.com"]
[Source "ChessBase"]
[SourceQuality "1"]

1. Nf3 Nf6 2. c4 g6 3. Nc3 d5 4. cxd5 Nxd5 5. h4 Bg7 6. h5 Nc6 7. h6 Bf6 8. g3 O-O 9. Bg2 Nxc3 10. dxc3 Qxd1+ 11. Kxd1 Rd8+ 12. Ke1 a5 13. Be3 1/2-1/2

[Event "Czech Open GM 2019"]
[Site "Pardubice"]
[Date "2019.07.25"]
[Round "7.33"]
[White "Ratsma, Rosa"]
[Black "Rakshitta Ravi"]
[Result "0-1"]
[WhiteElo "2282"]
[BlackElo "2112"]
[Annotator "NA"]
[PlyCount "72"]
[EventDate "2019.07.19"]
[EventType "swiss"]
[EventCountry "CZE"]
[SourceTitle "playchess.com"]
[Source "ChessBase"]
[SourceQuality "1"]

1. e4 e5 2. Nf3 Nc6 3. Bb5 f5 4. d3 fxe4 5. dxe4 Nf6 6. O-O Bc5 7. Bc4 Na5 8. Nxe5 d6 9. Bf7+ Ke7 10. Nc4 Kxf7 11. Nxa5 Rf8 12. Nb3 Bb6 13. a4 a6 14. a5 Ba7 15. Nc3 Kg8 16. Bg5 Qe8 17. Bxf6 Rxf6 18. Nd5 Rf7 19. Qd3 Be6 20. Rad1 Bg4 21. Rde1 Qe5 22. Ne3 Be6 23. Rd1 Bxb3 24. cxb3 Qxa5 25. Nf5 Qe5 26. Kh1 Re8 27. f3 h6 28. Qc2 Kh7 29. Rd5 Qf6 30. Rfd1 g6 31. Ng3 Re5 32. Qc4 Rfe7 33. R1d2 Bb6 34. b4 Qf4 35. R5d3 Qxg3 36. hxg3 Rh5# 0-1